000 00659nam a2200265Ia 4500
001 Z_1178
003 CHAP
008 220113s1984 xx 000 0 und d
010 _a164263
020 _a84-282-0720-8
040 _cCHAP
082 _a575.1 A9y
100 _aAyala, Francisco J.
_98986
245 _aGenética moderna /
_cFrancisco J. Ayala y John A. Kiger
260 _aMéxico :
_bFondo Educativo Interamericano,
_c1984
300 _axvii, 836 p.
503 _aC/E REPOSICIÓN
650 _aGenética I. Kiger, John A.
_9138375
901 _a575.1 A9Y
902 _aM
910 _a1984
942 _c1
942 _cc1
999 _c164263
_d164263